|
|
|
|
| LEADER |
00000ckm a2200000 a 4500 |
| 001 |
vtls001199870 |
| 003 |
SK-MaSNL |
| 005 |
20260331203014.0 |
| 007 |
kf co |
| 008 |
180703s1986 xo g 0kuslo |
| 015 |
|
|
|a SNBG1986
|
| 035 |
|
|
|a SNK000142939
|
| 040 |
|
|
|a SNK
|b slo
|c SNK
|e AACR2
|
| 041 |
0 |
|
|a slo
|
| 043 |
|
|
|a e-xo---
|
| 044 |
|
|
|a xo
|c SK
|
| 072 |
|
7 |
|a 913
|x Regionálna geografia
|2 konspekt
|
| 080 |
|
|
|a 913(437.6)
|2 2011
|
| 080 |
|
|
|a 908(437.6)
|2 2011
|
| 080 |
|
|
|a (084.121)
|2 2011
|
| 080 |
|
|
|a 911.2(23.0)
|2 2011
|
| 080 |
|
|
|a 630*10
|2 2011
|
| 080 |
|
|
|a 796.92:711.455
|2 2011
|
| 080 |
|
|
|a 685.659.33
|2 2011
|
| 080 |
|
|
|a 640.43
|2 2011
|
| 080 |
|
|
|a 640.414
|2 2011
|
| 080 |
|
|
|a 72.012.8
|2 2011
|
| 080 |
|
|
|a 725.84
|2 2011
|
| 080 |
|
|
|a 711.455
|2 2011
|
| 100 |
1 |
|
|a Bičan, Ferdinand
|4 pht
|9 42884
|
| 245 |
1 |
0 |
|a Motel Uľanka
|h grafika
|c foto Ferdinand Bičan
|
| 246 |
1 |
|
|i Názov na adresnej časti:
|a Motel Uľanka
|
| 246 |
1 |
|
|i Názov na adresnej časti:
|a Na Šachtičkách
|
| 246 |
1 |
|
|i Názov na adresnej časti:
|a Pohľad na Donovaly
|
| 246 |
1 |
|
|i Názov na adresnej časti:
|a Motel Uľanka - interiér
|
| 260 |
|
|
|a Bratislava
|b Pravda
|c 1986
|e [Bratislava]
|f TZP-B
|
| 300 |
|
|
|a 1 pohľadnica (4 čiastkové pohľady)
|b farebná
|c 15 x 11 cm
|
| 500 |
|
|
|a Názvové údaje prevzaté z obrazovej časti pohľadnice
|
| 520 |
8 |
|
|a Zobrazenie: Štyri čiastkové pohľady, každý v žltom orámovaní, všetky spolu v striebornom orámovaní. Vpravo je medzi pohľadmi vodorovne čiernym písmom názov. Pohľad na zasneženú krajinu, v popredí zasnežený stôl vonku pred hotelom, ktorý vidno v pozadí. Za hotelom je stúpajúca hora smerom doprava s hustým lesom. Vpravo v popredí vidno konáre stomu bez lístia. Pohľad na lanovku na svahu s výhľadom do doliny. Vpravo sú rady vysokých ihličnatých stromov. V pozadí je vysoká a široká budova rekreačného zariadenia. Za ňou sú husté lesy a hory. Pohľad na zasnežený svah, v pozadí je lanovka. Vpravo v pozadí vidno niekoľko lyžiarov. Vľavo je hustý les a za ním vysoké zasnežené hory. Pohľad na vnútro reštaurácie, pomedzi stoly sú poukladané izbové rastliny, zo stropu visia tri rady stropných svetiel
|
| 650 |
0 |
7 |
|a hory
|2 SNKPH
|9 55651
|
| 650 |
0 |
7 |
|a lesy
|2 SNKPH
|9 1437
|
| 650 |
0 |
7 |
|a lyžiarske svahy
|2 SNKPH
|9 55250
|
| 650 |
0 |
7 |
|a lyžiarske vleky
|2 SNKPH
|9 82035
|
| 650 |
0 |
7 |
|a reštaurácie
|2 SNKPH
|9 23080
|
| 650 |
0 |
7 |
|a motely
|2 SNKPH
|9 57488
|
| 650 |
0 |
7 |
|a interiéry
|2 SNKPH
|9 2953
|
| 650 |
0 |
7 |
|a rekreačné zariadenia
|2 SNKPH
|9 3012
|
| 650 |
0 |
7 |
|a rekreačné oblasti
|2 SNKPH
|9 69057
|
| 651 |
|
7 |
|a Donovaly (Slovensko)
|2 SNKPHgeo
|9 14559
|
| 655 |
|
7 |
|a geografické pohľadnice
|2 SNKPH
|9 70522
|
| 655 |
|
7 |
|a miestne pohľadnice
|2 SNKPH
|9 70510
|
| 958 |
|
|
|a GBN
|
| 958 |
|
|
|a GC
|
| 958 |
|
|
|a OND
|
| 999 |
|
|
|c 856422
|d 858352
|
| 952 |
|
|
|a SNK
|b SNK
|y PREZ
|7 0
|p 17A1283799
|o snkSP 138430
|i snk2057/87
|0 0
|1 0
|4 0
|d 2021-07-08
|f 1
|l 0
|r 2026-02-24 04:57:21
|w 2026-02-24
|
| 952 |
|
|
|a SNK
|b SNK
|y PREZ
|7 0
|p 17A1282071
|o snkSP 138430 D1
|i snk2058/87
|0 0
|1 0
|4 0
|d 2021-07-08
|l 0
|r 2026-02-24 04:57:21
|w 2026-02-24
|